Grandes villes d'Argentine - Statistiques

Statistiques générales
  • Ce quiz a été pris 192 fois
  • Le résultat moyen est 8 sur 20
Statistiques - réponses
Ville Population % Correct
Buenos-Aires 12 789 000 habitants
100%
Rosario 1 242 000 habitants
81%
Cordoba 1 372 000 habitants
77%
Mendoza 885 000 habitants
72%
Salta 516 000 habitants
48%
La Plata 732 000 habitants
46%
Mar del Plata 604 000 habitants
42%
Santa Fe 493 000 habitants
42%
San Miguel de Tucuman 789 000 habitants
35%
San Juan 453 000 habitants
34%
San Salvador de Jujuy 298 000 habitants
31%
Neuquen 255 000 habitants
29%
Corrientes 345 000 habitants
23%
Bahia Blanca 304 000 habitants
22%
Santiago del Estero 357 000 habitants
18%
Parana 268 000 habitants
16%
Resistencia 377 000 habitants
16%
Posadas 287 000 habitants
15%
Formosa 229 000 habitants
11%
Catamarca 196 000 habitants
5%
Aucun quiz correspondant
Distribution des résultats
% des personnes avec chaque résultat
Percentile par nombre de réponses
Votre historique - résultats
Vous n’avez pas pris ce quiz